Statistiken für Höchste Ablösesummen in der Bundesliga

Klicken Sie hier um das Quiz zu spielen!

Allgemein

  • Dieses Quiz wurde 50 mal gespielt
  • Das Durchschnittsergebnis liegt bei 15 aus 30

Antwortstatistiken

AblösesummeVereinAntwort% Korrekt
80 MioFC Bayern MünchenLucas Hernandez
98%
30,5 MioBorussia DortmundMats Hummels
84%
35 MioFC Bayern MünchenMats Hummels
84%
43 MioVfL WolfsburgJulian Draxler
82%
37 MioFC Bayern MünchenMario Götze
80%
41,5 MioFC Bayern MünchenCorentin Tolisso
71%
30 MioFC Bayern MünchenManuel Neuer
69%
30 MioBorussia DortmundAndre Schürrle
67%
32 MioVfL WolfsburgAndre Schürrle
67%
40 MioFC Bayern MünchenJavi Martinez
64%
35 MioFC Bayern MünchenBenjamin Pavard
62%
25 MioFC Bayern MünchenArjen Robben
60%
30 MioFC Bayern MünchenFranck Ribery
58%
32 MioBayer 04 LeverkusenKerem Demirbay
58%
30 MioFC Bayern MünchenMario Gomez
56%
30 MioFC Bayern MünchenDouglas Costa
44%
25 MioBorussia DortmundJulian Brandt
44%
25,5 MioBorussia DortmundThorgan Hazard
44%
25,5 MioBorussia DortmundNico Schulz
42%
35 MioFC Bayern MünchenRenato Sanches
40%
26,5 MioFC Schalke 04Breel Embolo
36%
25 MioFC Bayern MünchenThiago
36%
25 MioBorussia DortmundEmre Can
33%
37,5 MioFC Bayern MünchenArturo Vidal
29%
27,5 MioBorussia DortmundHenrik Mkhitaryan
24%
25,5 MioBorussia DortmundMarcio Amoroso
22%
28 MioBorussia DortmundAbdou Diallo
20%
29,75 MioRB LeipzigNaby Keita
20%
28 MioFC Bayern MünchenMedhi Benatia
18%
25 MioBorussia DortmundAndrii Yarmolenko
16%

Verteilung der Resultate

Perzentil nach korrekt beantworteten Fragen

Anzahl Personen mit jedem Resultat

Ihre Resultats-Entwicklung

Sie haben dieses Quiz noch nicht gespielt